[Event "Mlada Boleslav Region-ch U20"]
[Site "Mlada Boleslav"]
[Date "2013.06.23"]
[Round "7"]
[White "Silhanek, Martin"]
[Black "Kralik, Johan"]
[Result "1/2-1/2"]
[WhiteElo "1100"]
[BlackElo "1320"]
[PlyCount "37"]
[EventDate "2013.06.22"]
[EventType "swiss"]
[EventRounds "7"]
[EventCountry "CZE"]
[SourceTitle "EXT 2015"]
[Source "ChessBase"]
[SourceDate "2014.11.20"]
[SourceVersion "1"]
[SourceVersionDate "2014.11.20"]
[SourceQuality "1"]

1. e4 e5 2. Nc3 Nc6 3. Bc4 Bc5 4. d3 h6 5. f4 exf4 6. Bxf4 Nf6 7. e5 Ng8 8. Nf3 Nge7 9. d4 Bb4 10. Qd3 0-0 11. a3 Bxc3+ 12. Qxc3 Re8 13. 0-0-0 Ng6 14. Bg3 Nce7 15. Rhf1 Nf5 16. Nd2 d6 17. exd6 cxd6 18. Bb5 Re7 19. Rde1 1/2-1/2

[Event "Mlada Boleslav Region-ch U20"]
[Site "Mlada Boleslav"]
[Date "2012.06.24"]
[Round "6"]
[White "Visek, Ondrej"]
[Black "Kralik, Johan"]
[Result "1-0"]
[WhiteElo "1495"]
[BlackElo "1100"]
[PlyCount "111"]
[EventDate "2012.06.23"]
[EventType "swiss"]
[EventRounds "7"]
[EventCountry "CZE"]
[SourceTitle "EXT 2014"]
[Source "ChessBase"]
[SourceDate "2013.11.20"]
[SourceVersion "1"]
[SourceVersionDate "2013.11.20"]
[SourceQuality "1"]

1. d4 d5 2. c4 e6 3. Nc3 Nf6 4. a3 h6 5. Bf4 Bd6 6. Bxd6 Qxd6 7. e3 0-0 8. Nf3 dxc4 9. Bxc4 Nbd7 10. 0-0 c5 11. d5 exd5 12. Nxd5 Nxd5 13. Bxd5 Qg6 14. Qb3 Nb6 15. Rad1 Nxd5 16. Qxd5 Qc2 17. Rd2 Qf5 18. Qxf5 Bxf5 19. Rc1 b6 20. h3 Be4 21. Rcd1 Bxf3 22. gxf3 Rfe8 23. Rd7 Kf8 24. Kf1 Re7 25. Rd8+ Rxd8 26. Rxd8+ Re8 27. Rd7 Re7 28. Rd8+ Re8 29. Rxe8+ Kxe8 30. Ke2 Kd7 31. Kd3 Kd6 32. Kc4 a6 33. a4 a5 34. Kb5 Kc7 35. b3 Kb7 36. f4 Kc7 37. e4 g6 38. h4 Kb7 39. Kc4 Kc6 40. e5 h5 41. f3 Kd7 42. Kd5 Ke7 43. Kc6 Ke6 44. Kxb6 Kf5 45. Kxa5 Kxf4 46. Kb5 Kg3 47. a5 Kxh4 48. a6 Kg3 49. a7 h4 50. a8Q h3 51. Qa1 Kg2 52. Qb2+ Kg1 53. Qc1+ Kf2 54. Qh1 Kg3 55. Kxc5 g5 56. b4 1-0